| 000 | 00659nam a22001937a 4500 | ||
|---|---|---|---|
| 999 |
_c158180 _d158180 |
||
| 005 | 20181018163743.0 | ||
| 010 | _aENG-124333 | ||
| 020 |
_c695.00 _a9788178245324 |
||
| 035 | _a EN-107865 | ||
| 037 | _bDBAD/PUB. | ||
| 082 | _a791.43095435 | ||
| 100 | _aSrinivas S.V. | ||
| 245 |
_aPolitics as performance: _cby S.V. Srinivas _ba social history of the telugu cinema / |
||
| 260 |
_aRanikhet _bPermanent Black _c2018 |
||
| 270 |
_aHimalayana, Mall Road, Ranikhet Cantt _bRanikhet _e263645 |
||
| 300 |
_axxi, 431p. _c22cm(pbk) _bill.maps |
||
| 500 | _aIt includes conclusion, bibliography and index. | ||
| 942 |
_2ddc _cEN _mSRI _h791.43095435 |
||